Informační a komunikační technologie - perpetuum mobile cestovního ruchu
Vplyv informačných a komunikačných technológií na cestovný ruch v rôznom kontexte - časovom, geografickom, psychologicko-kognitívnom, sociálnom a v kontexte generátora zmien a virtualizácie cestovného ruchu. Súčasná realita a trendy IKT v cestovnom ruchu.
Na minha lista:
| Autor principal: | |
|---|---|
| Formato: | Capítulo de Livro |
| Idioma: | tcheco |
| Assuntos: | |
| Tags: |
Sem tags, seja o primeiro a adicionar uma tag!
|
MARC
| LEADER | 00000naa a2200000 4500 | ||
|---|---|---|---|
| 001 | 0165849 | ||
| 005 | 20251210131105.1 | ||
| 041 | 0 | |a cze | |
| 044 | |a CZ | ||
| 245 | 1 | 0 | |a Informační a komunikační technologie - perpetuum mobile cestovního ruchu |c Zelenka Josef |
| 520 | |a Vplyv informačných a komunikačných technológií na cestovný ruch v rôznom kontexte - časovom, geografickom, psychologicko-kognitívnom, sociálnom a v kontexte generátora zmien a virtualizácie cestovného ruchu. Súčasná realita a trendy IKT v cestovnom ruchu. | ||
| 610 | 2 | 0 | |a ruch cestovný |
| 610 | 2 | 0 | |a technológie informačné |
| 610 | 2 | 0 | |a technológie komunikačné |
| 610 | 2 | 0 | |a technológie mobilné |
| 610 | 2 | 0 | |a siete sociálne |
| 610 | 2 | 0 | |a marketing |
| 610 | 2 | 0 | |a manažment |
| 610 | 2 | 0 | |a mapy |
| 100 | 1 | |a Zelenka, Josef | |